000 00667 a2200181 4500
003 NUST
038 _aa
082 _aBICSE-1
100 _aM. Tayyab Malik
_993100
245 _aAdaptive Mobility and Resource Management for 4G Wireless Inter networking
_cM. Tayyab Malik & Raja Farhan Khurshid.
260 _aIsalamabad,
_bNUST School of Electrical Engineering & Computer Science,
_c2007.
300 _axii, 99 p. :
_bill. ;
_c27 cm. +
_eCD-ROM
500 _aSupervisors : Dr. N D Gohar, Dr. Shahzad A Malik.
563 _aa
700 _aRaja Farhan Khurshid.
_993101
856 _uhttp://10.250.8.41:8080/xmlui/handle/123456789/8476
942 _cTHE
_kBICSE-1 TAY
_2ddc
999 _c9201
_d9201